| 000 | 004160000a22001690004500 | ||
|---|---|---|---|
| 003 | LK-CoMWRAF | ||
| 008 | 230817t ||||| |||| 00| 0 eng d | ||
| 020 | _a9558938130 | ||
| 040 |
_aLK-CoMWRAF _dLK-CoMWRAF _eLK-CoMWRAF |
||
| 041 | _aeng | ||
| 082 |
_a150 _bLEA |
||
| 245 |
_aWhen Ramadhan Comes... _b |
||
| 260 |
_bDar Ul Kitab Pulications _aColombo 04 _c |
||
| 300 | _ap.28 | ||
| 490 | _aLearn about | ||
| 942 | _cBK | ||
| 999 |
_c1338 _d1338 |
||